Clubs vainqueurs de la Ligue des Champions - Statistiques

Statistiques générales
  • Ce quiz a été pris 221 fois
  • Le résultat moyen est 61 sur 69
Statistiques - réponses
Hint Réponse % Correct
1955/1956 Real Madrid
98%
1956/1957 Real Madrid
98%
1957/1958 Real Madrid
98%
1958/1959 Real Madrid
98%
1959/1960 Real Madrid
98%
1965/1966 Real Madrid
98%
1997/1998 Real Madrid
98%
1999/2000 Real Madrid
98%
2001/2002 Real Madrid
98%
2013/2014 Real Madrid
98%
2015/2016 Real Madrid
98%
2016/2017 Real Madrid
98%
2017/2018 Real Madrid
98%
2021/2022 Real Madrid
98%
2023/2024 Real Madrid
98%
1991/1992 FC Barcelone
97%
2005/2006 FC Barcelone
97%
2008/2009 FC Barcelone
97%
2010/2011 FC Barcelone
97%
2014/2015 FC Barcelone
97%
2022/2023 Manchester City
97%
1973/1974 Bayern Munich
96%
1974/1975 Bayern Munich
96%
1975/1976 Bayern Munich
96%
2000/2001 Bayern Munich
96%
2012/2013 Bayern Munich
96%
2019/2020 Bayern Munich
96%
1962/1963 AC Milan
95%
1968/1969 AC Milan
95%
1988/1989 AC Milan
95%
1989/1990 AC Milan
95%
1993/1994 AC Milan
95%
2002/2003 AC Milan
95%
2006/2007 AC Milan
95%
1967/1968 Manchester United
95%
1998/1999 Manchester United
95%
2007/2008 Manchester United
95%
1963/1964 Inter Milan
94%
1964/1965 Inter Milan
94%
2009/2010 Inter Milan
94%
1976/1977 Liverpool FC
94%
1977/1978 Liverpool FC
94%
1980/1981 Liverpool FC
94%
1983/1984 Liverpool FC
94%
2004/2005 Liverpool FC
94%
2018/2019 Liverpool FC
94%
2011/2012 Chelsea FC
91%
2020/2021 Chelsea FC
91%
1992/1993 Olympique de Marseille
91%
1984/1985 Juventus Turin
86%
1995/1996 Juventus Turin
86%
1996/1997 Borussia Dortmund
85%
1986/1987 FC Porto
81%
2003/2004 FC Porto
81%
1970/1971 Ajax Amsterdam
77%
1971/1972 Ajax Amsterdam
77%
1972/1973 Ajax Amsterdam
77%
1994/1995 Ajax Amsterdam
77%
1978/1979 Nottingham Forest
74%
1979/1980 Nottingham Forest
74%
1960/1961 SL Benfica
70%
1961/1962 SL Benfica
70%
1990/1991 Etoile Rouge de Belgrade
64%
1981/1982 Aston Villa
59%
1987/1988 PSV Eindhoven
56%
1966/1967 Celtic Glasgow
51%
1969/1970 Feyenoord Rotterdam
49%
1985/1986 FC Steaua Bucarest
47%
1982/1983 Hambourg SV
46%
Aucun quiz correspondant
Distribution des résultats
% des personnes avec chaque résultat
Percentile par nombre de réponses
Votre historique - résultats
Vous n’avez pas pris ce quiz